Al-mu'in al-mubin

Bibliographic Details
Main Author: Abdul Hamid Hakim
Other Authors: Noraine Abu, Syarif Zaini Daud
Format: Book
Published: Kuala Lumpur : Al-Hidayah , 2006
Edition:Jilid 3 & jilid 4 (buku 2)
Subjects:

MARC

LEADER 00000cam a2200000 7i4500
001 0000030402
005 20110125.0
008 110125
020 |a 9830997073 
090 0 0 |a 297.5   |b ABD 
100 0 |a Abdul Hamid Hakim 
245 1 0 |a Al-mu'in al-mubin   |c Abdul Hamid Hakim 
250 |a Jilid 3 & jilid 4 (buku 2) 
260 |a Kuala Lumpur :   |b Al-Hidayah ,   |c 2006 
650 0 |a Islam   |x customs & practices 
650 0 |a Islam   |x doctrines 
700 1 |a Noraine Abu 
700 1 |a Syarif Zaini Daud 
999 |a 0001059487   |b Book   |c Adult Collection   |e Perbadanan Perpustakaan Awam Johor